000 00422pab a2200169 454500
008 180718b2009 xxu||||| |||| 00| 0 eng d
100 _aShionoj, P.
245 _aIndia's potential for agricultural trade in Asia: a gravity model approach
260 _c2009
300 _ap.475-86.
362 _aDec
650 _aTrade
700 _aMathur, V.C.
773 _aAsian Economic Review
908 _aN
909 _a86091
999 _c86091
_d86091